000 00904cam a2200193 i 4500
005 20251110094832.0
008 250721s1990 jo gr 000 0 ara d
082 1 4 _a213
_bد ا ر
100 1 _aالدارقطني، أبو الحسن علي بن عمر بن أحمد
_d[ 306 - 385 ] ه،
_eمؤلف.
245 1 0 _aكتاب الرؤية /
_cللامام الحافظ ابي الحسن علي بن عمر الدارقطني؛ قدم له وحققه و علق عليه وخرج أحاديثه ابراهيم محمد العلي ، أحمد فخري الرفاعي.
264 3 1 _aالزرقاء :
_bمكتبة المنار،
_c1990.
300 _a413 صفحة.
650 1 7 _aالإسلام.
650 1 7 _aالحديث النبوي.
700 1 _aالعلي، إبراهيم محمد
_eمحقق.
700 1 _aالرفاعي، أحمد فخري
_eمحقق.
942 _2ddc
_cREF
999 _c26461
_d26461